000 00800nam a2200253 i 4500
001 bg
245 0 0 _aWybrane zagadnienia z finansów /
_cred. nauk. Tomasz Siudek ; [aut. rozdz. Aldona Zawojska et al.].
260 _aWarszawa :
_bWydawnictwo SGGW,
_c2006.
300 _a352 s. :
_bil. ;
_c24 cm.
504 _aBibliogr. przy rozdz.
650 9 _aFinanse
655 _aPodręczniki akademickie
700 1 _aSIUDEK, Tomasz.
_eRed.
700 1 _aZAWOJSKA, Aldona
015 _aPB 20558/2006
020 _a8372447594
040 _cBPK
041 0 _apol
080 _a336:657:658.14/.17](075.8)
920 _a83-7244-759-4
942 _cKS
008 s pl f |000 0 pol
999 _c52864
_d52864
856 _uhttp://koha.tu.koszalin.pl/cgi-bin/koha/opac-detail.pl?biblionumber=52864
_yKatalog online BPK